Inmunología
Saved in:
| Hovedforfatter: | |
|---|---|
| Format: | Bog |
| Sprog: | spansk |
| Udgivet: |
Bogotá
Fondo Educativo Interamericano
1978
|
| Udgivelse: | Cuarta edición |
| Fag: | |
| Tags: |
Tilføj Tag
Ingen Tags, Vær først til at tagge denne postø!
|
MARC
| LEADER | 00000nam a2200000 a 4500 | ||
|---|---|---|---|
| 001 | UCT1410 | ||
| 003 | CL-VaPUC | ||
| 005 | 20241121094921.0 | ||
| 008 | 960927e19780000CK |||||||||||||||||spa|d | ||
| 999 | |c 251941 |d 251939 | ||
| 040 | |c Pontificia Universidad Católica de Valparaíso | ||
| 082 | 0 | 4 | |a 616.079 ROJ 1978 |2 21 |
| 100 | 0 | |a Rojas M., William |9 370269 | |
| 245 | 1 | 0 | |a Inmunología |
| 250 | |a Cuarta edición | ||
| 260 | |a Bogotá |b Fondo Educativo Interamericano |c 1978 | ||
| 300 | |a 281 páginas | ||
| 583 | |a last modification |c 19960927 00:00:00 |k Rodrigo Vera | ||
| 650 | 7 | |a FAGOCITOSIS |2 CL-VaPUC |9 370270 | |
| 650 | 0 | |a Fisiología celular |9 261425 | |
| 650 | 7 | |a LINFOMAS |2 CL-VaPUC |9 370271 | |
| 650 | 7 | |a FACTORES INMUNOLOGICOS |2 CL-VaPUC |9 370272 | |
| 650 | 7 | |a REACCIONES ANTIGENO-ANTICUERPO |2 CL-VaPUC |9 370273 | |
| 650 | 0 | |a Análisis inmunológico |9 370274 | |
| 650 | 0 | |a Genética |9 259443 | |
| 650 | 0 | |a Herencia |9 256325 | |
| 650 | 7 | |a DEFICIENCIA INMUNOLOGICA |2 CL-VaPUC |9 370275 | |
| 942 | |c BK |2 ddc | ||
| 945 | |d 19960927 00:00:00 |a cmena | ||
| 952 | |0 0 |1 0 |2 ddc |4 0 |6 616_079000000000000_ROJ_1978 |7 0 |8 A |9 271471 |a BIBCUR |b BIBCUR |d 2019-11-19 |i 1794167 |o 616.079 ROJ 1978 |p 1794167 |r 2025-04-22 |t 3 |w 2019-11-19 |y BK |k BIO | ||
| 952 | |0 0 |1 0 |2 ddc |4 0 |6 616_079000000000000_ROJ_1978 |7 0 |8 A |9 271473 |a BIBCUR |b BIBCUR |d 2019-11-19 |i 3938050 |o 616.079 ROJ 1978 |p 3938050 |r 2025-04-22 |t 5 |w 2019-11-19 |y BK |k BCB | ||